|
|
|
|
| LEADER |
00000cam a2200000 i 4500 |
| 001 |
1/66731 |
| 008 |
150211s1949 gr | ||| |||| ||gre|| |
| 035 |
|
|
|l 10121030
|
| 040 |
|
|
|a GR-MyUA
|b gre
|e AACR2
|
| 041 |
0 |
|
|a gre
|
| 082 |
7 |
|
|a 938.774
|2 (23)
|
| 100 |
1 |
|
|a Συγγελάκη, Ειρήνη.
|
| 245 |
1 |
0 |
|a Επιστροφή στην Ελλάδα /
|c Ειρήνη Συγγελάκη, Βύρων Λαϊνας, Αναστάσιος Κοτζιάς.
|
| 260 |
|
|
|a [χ.τ :
|b χ.ό],
|c 1949.
|
| 300 |
|
|
|a 32 σ. :
|b εικ. ;
|c 17 εκ.
|
| 500 |
|
|
|a Στο οπισθόφυλλο σημείωση "Το βιβλίο αυτό αφού το διαβάσης δώστο σέ έναν άλλο πού δέν τό διάβασε."
|
| 610 |
2 |
0 |
|a Κομμουνιστικό Κόμμα Ελλάδας.
|
| 651 |
|
0 |
|a Greece
|x History
|y Civil War, 1944-1949
|v Personal narratives.
|
| 700 |
1 |
|
|a Λαϊνάς, Βύρων.
|
| 700 |
1 |
|
|a Κοτζιάς, Αναστάσιος.
|
| 852 |
|
|
|a INST
|b SAMOS
|c PORFYRIADA
|e 20150211
|h 938.774 ΣΥΓ
|p 005300041654
|q 005300041654
|t NOLOAN
|y 23
|z τ.1
|
| 852 |
|
|
|a INST
|b SAMOS
|c PORFYRIADA
|e 20151016
|h 938.774 ΣΥΓ
|p 005300041655
|q 005300042581
|t NOLOAN
|y 23
|
| 852 |
|
|
|a INST
|b SAMOS
|c PORFYRIADA
|e 20150211
|h 938.774 ΣΥΓ
|p 005300041656
|q 005300041656
|t NOLOAN
|y 23
|z τ.3
|
| 852 |
|
|
|a INST
|b SAMOS
|c PORFYRIADA
|e 20150211
|h 938.774 ΣΥΓ
|p 005300041657
|q 005300041657
|t NOLOAN
|y 23
|z τ.4
|
| 852 |
|
|
|a INST
|b SAMOS
|c PORFYRIADA
|e 20150211
|h 938.774 ΣΥΓ
|p 005300041658
|q 005300041658
|t NOLOAN
|y 23
|z τ.5
|
| 852 |
|
|
|a INST
|b SAMOS
|c PORFYRIADA
|e 20150211
|h 938.774 ΣΥΓ
|p 005300041659
|q 005300041659
|t NOLOAN
|y 23
|z τ.6
|
| 852 |
|
|
|a INST
|b SAMOS
|c PORFYRIADA
|e 20150211
|h 938.774 ΣΥΓ
|p 005300041660
|q 005300041660
|t NOLOAN
|y 23
|z τ.7
|
| 852 |
|
|
|a INST
|b SAMOS
|c PORFYRIADA
|e 20150211
|h 938.774 ΣΥΓ
|p 005300041661
|q 005300041661
|t NOLOAN
|y 23
|z τ.8
|
| 901 |
|
|
|a BIBL3-2015-1
|
| 970 |
|
|
|a ΣΙΤΖΙΜΗ
|b ΓΙΑΣΕΜΗ
|z 2015/02/11
|